00879naa a2200169 i 45000010005000000030009000050050017000140080039000310400021000700800008000911000116000992450136002156500018003516500032003697000143004017730165005449315KOSZ 00520180426141348.0150930s2005 pl | | |000 ||pol cBPKdKOSZ 005/EG a3781 aSKRZYPNIAK, Ryszard.d1996 - .bPolitechnika Koszalińska - Wydział Mechaniczny,cKatedra Nauk Pedagogicznych10aUdział mediów w kształtowaniu tożsamości narodowej młodzieży akademickiej /cRyszard Skrzypniak, Stanisław Sokołowski. 0aKształcenie. 0aŚrodki masowego przekazu.1 aSOKOŁOWSKI, Stanisław.bPolitechnika Koszalińska - Wydział Mechaniczny,cKatedra Zastosowań Elektroniki i Elektrotechnikid1996 - .0 iW :tU progu wielkiej zmiany? : media w kulturze XXI wieku : nurty, kategorie, idee / red. nauk. Marek Sokołowski. -dOlsztyn : "Kastalia", 2005. -gs. 629-634